[Event "ICS rated standard match"]
[Site "204.178.125.65"]
[Date "2001.01.13"]
[Round "?"]
[White "Hossa"]
[Black "ET2000"]
[Result "0-1"]
[WhiteElo "2311"]
[BlackElo "2739"]
[PlyCount "92"]
[EventDate "2001.??.??"]

1. Nf3 d5 2. d4 Nf6 3. e3 g6 4. c4 Bg7 5. cxd5 O-O 6. Be2 Qxd5 7. Nc3 Qa5 8.
Bd2 Qb6 9. e4 e5 10. dxe5 Ng4 11. O-O Nxe5 12. Nxe5 Bxe5 13. Bh6 Re8 14. Qc2
Nc6 15. Bc4 Nd4 16. Qc1 Be6 17. Bxe6 Qxe6 18. f3 Qb6 19. Kh1 Rad8 20. Rd1 c6
21. f4 Bf6 22. Rb1 Bg7 23. Bxg7 Kxg7 24. f5 Qc5 25. Rf1 Qe5 26. f6+ Kg8 27. Qh6
Ne6 28. h4 Rd4 29. Rf3 b5 30. a3 a5 31. Ra1 b4 32. axb4 axb4 33. Na4 Rxe4 34.
Rd1 Rg4 35. Rg1 Rd8 36. Rgf1 Rdd4 37. h5 Rh4+ 38. Kg1 Qh2+ 39. Kf2 Rhg4 40. Ke2
g5 41. Nc3 bxc3 42. Qg7+ Nxg7 43. Rd3 Rxg2+ 44. Kd1 Rxb2 45. Rf2 Qg1+ 46. Rf1
Qxf1# {Hossa checkmated} 0-1

[Event "ICS rated blitz match"]
[Site "204.178.125.65"]
[Date "2001.01.13"]
[Round "?"]
[White "Hossa"]
[Black "Valg"]
[Result "0-1"]
[WhiteElo "2550"]
[BlackElo "2823"]
[PlyCount "148"]
[EventDate "2001.??.??"]

1. e4 e5 2. Nf3 Nc6 3. d4 exd4 4. Nxd4 Bc5 5. Be3 Qf6 6. c3 Nge7 7. Nc2 Bxe3 8.
Nxe3 O-O 9. Be2 d6 10. O-O Be6 11. Re1 Rfe8 12. Na3 Qg5 13. Nb5 Rac8 14. Nd4
Nxd4 15. cxd4 c6 16. Qa4 Ra8 17. Qb4 d5 18. Qxb7 Reb8 19. Qc7 dxe4 20. b3 Rd8
21. Qb7 f5 22. Bc4 Bxc4 23. bxc4 Qf6 24. Rab1 Qd6 25. Nc2 Rab8 26. Qxa7 Ra8 27.
Qb6 Rdb8 28. Qc5 Qxc5 29. Rxb8+ Rxb8 30. dxc5 Rb2 31. Nd4 Rxa2 32. g4 Ra4 33.
gxf5 Rxc4 34. f6 gxf6 35. Ne6 Nd5 36. Kg2 Kf7 37. Nd8+ Kg6 38. Nxc6 Rxc5 39.
Nd4 f5 40. Rg1 Kf6 41. Re1 Rc4 42. Nb5 Rc2 43. Nd4 Rd2 44. Nb3 Nf4+ 45. Kg3
Rd3+ 46. Re3 Ne2+ 47. Kg2 f4 48. Rxd3 exd3 49. Nc5 Nc1 50. Kf1 Ke5 51. Ke1 Kd5
52. Nd7 Kd4 53. Nf6 h6 54. h4 Nb3 55. Ng4 Nc5 56. Kd1 h5 57. Nh2 Ne4 58. Nf3+
Kc4 59. Nd2+ Kd5 60. Nf3 Nxf2+ 61. Kd2 Ke4 62. Ng5+ Kf5 63. Nf7 Kg4 64. Ke1 f3
65. Nd6 Kf4 66. Nc4 Ne4 67. Kf1 f2 68. Kg2 d2 69. Nb2 Ke3 70. Nd1+ Ke2 71. Kh2
f1=Q 72. Ne3 Qf2+ 73. Ng2 d1=Q 74. Kh3 Qg3# {Hossa checkmated} 0-1

[Event "ICS rated blitz match"]
[Site "204.178.125.65"]
[Date "2001.01.13"]
[Round "?"]
[White "armenjan"]
[Black "Hossa"]
[Result "0-1"]
[WhiteElo "2236"]
[BlackElo "2544"]
[PlyCount "90"]
[EventDate "2001.??.??"]

1. d4 d5 2. c4 c6 3. Nf3 dxc4 4. a4 Nf6 5. Nc3 c5 6. d5 e6 7. e4 Nxe4 8. Nxe4
exd5 9. Ng3 g6 10. Be2 Bg7 11. O-O Nc6 12. Re1 O-O 13. Bf1 c3 14. Rb1 Bg4 15.
bxc3 Bxc3 16. Bh6 Bxe1 17. Bxf8 Qxf8 18. Qxe1 Bxf3 19. gxf3 Rb8 20. f4 Qd6 21.
f5 Nd4 22. Bg2 gxf5 23. Rd1 f4 24. Rxd4 cxd4 25. Nf5 Qe6 26. Qb1 Re8 27. Bf3 d3
28. Qxd3 Qg6+ 29. Kf1 Re5 30. Bg4 Qc6 31. Nd4 Qxa4 32. Bf3 Qa1+ 33. Kg2 Rg5+
34. Kh3 Qg1 35. Qd2 Qf1+ 36. Kh4 h6 37. Bg4 Rxg4+ 38. Kxg4 Qg2+ 39. Kh4 Qxh2+
40. Kg4 Qg2+ 41. Kh4 Qg5+ 42. Kh3 a6 43. Nf3 Qf5+ 44. Kh2 Qh5+ 45. Kg2 Qg4+ {
armenjan resigns} 0-1

[Event "ICS rated standard match"]
[Site "204.178.125.65"]
[Date "2001.01.13"]
[Round "?"]
[White "ET2000"]
[Black "Hossa"]
[Result "1-0"]
[WhiteElo "2742"]
[BlackElo "2308"]
[PlyCount "75"]
[EventDate "2001.??.??"]

1. d4 d5 2. c4 c6 3. Nf3 dxc4 4. e3 Be6 5. Qc2 Nf6 6. Nbd2 b5 7. b3 cxb3 8.
axb3 g6 9. Bd3 Bg7 10. O-O a5 11. Ng5 Bd7 12. Ndf3 h6 13. Nxf7 Kxf7 14. Ne5+
Kg8 15. Nxg6 Rh7 16. f4 h5 17. Ba3 Bh6 18. Rf3 Rg7 19. Rg3 Nd5 20. Ne5 Rxg3 21.
hxg3 Be8 22. Bf5 Nxe3 23. Be6+ Kg7 24. Qe4 b4 25. Bb2 Nd5 26. Qf5 Nf6 27. Rd1
c5 28. Rd3 Qc7 29. g4 hxg4 30. Rg3 c4 31. Rxg4+ Kh8 32. Rh4 Kg7 33. Rxh6 Kxh6
34. Qg5+ Kh7 35. Bf5+ Kh8 36. Qh6+ Kg8 37. Be6+ Bf7 38. Bxf7# {Hossa checkmated
} 1-0

[Event "ICS rated blitz match"]
[Site "204.178.125.65"]
[Date "2001.01.14"]
[Round "?"]
[White "Hossa"]
[Black "Viveiros"]
[Result "1-0"]
[WhiteElo "2549"]
[BlackElo "2068"]
[PlyCount "39"]
[EventDate "2001.??.??"]

1. e4 c5 2. Ne2 Nc6 3. d4 cxd4 4. Nxd4 Qc7 5. Nb5 Qb8 6. N1c3 a6 7. Nd4 e6 8.
Nxc6 bxc6 9. Bd3 Nf6 10. f4 d5 11. e5 Nd7 12. a3 Bc5 13. Na4 Ba7 14. Qg4 O-O
15. Qh4 f5 16. Qe7 Nb6 17. Nc5 Rf7 18. Qe8+ Rf8 19. Qxc6 Bd7 20. Nxd7 {
Viveiros resigns} 1-0

[Event "ICS Rated standard match"]
[Site "204.178.125.65"]
[Date "2001.01.14"]
[Round "?"]
[White "Hossa"]
[Black "Restrell"]
[Result "1-0"]
[WhiteElo "2306"]
[BlackElo "2045"]
[PlyCount "32"]
[EventDate "2001.??.??"]

1. Nf3 Nc6 2. e4 e5 3. Bb5 Nf6 4. O-O Nxe4 5. Re1 d5 6. d3 Nxf2 7. Nxe5 Nxd1 8.
Nxc6+ Be6 9. Nxd8+ Kxd8 10. Rxd1 Bc5+ 11. d4 c6 12. dxc5 cxb5 13. Nc3 Rc8 14.
Be3 b6 15. cxb6 axb6 16. Nxd5 Rb8 {Restrell resigns} 1-0

[Event "ICS rated standard match"]
[Site "204.178.125.65"]
[Date "2001.01.14"]
[Round "?"]
[White "expert101"]
[Black "Hossa"]
[Result "0-1"]
[WhiteElo "2090"]
[BlackElo "2312"]
[PlyCount "100"]
[EventDate "2001.??.??"]

1. e4 e5 2. Nf3 Nc6 3. Bb5 a6 4. Bxc6 dxc6 5. d4 exd4 6. Qxd4 Qxd4 7. Nxd4 Bd7
8. Be3 O-O-O 9. Nd2 c5 10. Ne2 Nf6 11. f3 Be7 12. O-O Ba4 13. b3 Bb5 14. c4 Bc6
15. Rad1 Kb8 16. Nb1 b6 17. Nbc3 Rhe8 18. Kf2 Bd6 19. Bf4 Bf8 20. Rxd8+ Rxd8
21. Rd1 Rxd1 22. Nxd1 g6 23. Be5 Nd7 24. Bc3 b5 25. Ne3 b4 26. Bb2 Kb7 27. Nf4
Bd6 28. Nfd5 Kc8 29. g3 h5 30. f4 Kd8 31. e5 Bf8 32. h3 Bg7 33. g4 hxg4 34.
hxg4 a5 35. Kg3 a4 36. g5 a3 37. Bc1 Nb6 38. Nf6 Bxf6 39. gxf6 Be4 40. Nf1 Bb1
41. Nd2 Bxa2 42. f5 gxf5 43. Kf4 Bb1 44. Nf3 Bc2 45. Ng5 a2 46. Bb2 Ke8 47. e6
Bxb3 48. exf7+ Kf8 49. Ne6+ Kxf7 50. Kxf5 Bc2+ {expert101 resigns} 0-1

[Event "ICS rated blitz match"]
[Site "204.178.125.65"]
[Date "2001.01.14"]
[Round "?"]
[White "gandalf1"]
[Black "Hossa"]
[Result "1-0"]
[WhiteElo "2784"]
[BlackElo "2551"]
[PlyCount "101"]
[EventDate "2001.??.??"]

1. e4 e5 2. Nf3 Nc6 3. Bb5 a6 4. Ba4 Be7 5. O-O Nf6 6. Re1 b5 7. Bb3 O-O 8. c3
d6 9. a4 Be6 10. d4 Bxb3 11. Qxb3 Qb8 12. axb5 Qxb5 13. Qc2 Rab8 14. Na3 Qb7
15. dxe5 Nxe5 16. Nxe5 dxe5 17. Nc4 Nd7 18. Qd1 Rfd8 19. Qe2 Ra8 20. Ra5 c5 21.
Rd1 Qb8 22. Be3 Qb3 23. Rd5 Nf6 24. Rxd8+ Rxd8 25. f3 Rd1+ 26. Kf2 Rh1 27. Bxc5
Bd8 28. Ra3 Qb5 29. b4 Nh5 30. Nd6 Qxe2+ 31. Kxe2 Nf4+ 32. Kd2 Rxh2 33. Rxa6
Rxg2+ 34. Kd1 Rh2 35. Ra8 Rh1+ 36. Kc2 Ne6 37. Nb7 Rh2+ 38. Kb3 Rd2 39. Bb6 f6
40. Nxd8 Nxd8 41. Bxd8 Kf7 42. b5 Rd1 43. b6 Ke6 44. Kc2 Rd7 45. Bc7 h5 46. b7
Rxc7 47. b8=Q Kd7 48. Qe8+ Kd6 49. Ra6+ Kc5 50. Ra5+ Kb6 51. Qb5# {
Hossa checkmated} 1-0

[Event "ICS rated blitz match"]
[Site "204.178.125.65"]
[Date "2001.01.14"]
[Round "?"]
[White "Hossa"]
[Black "gandalf1"]
[Result "1/2-1/2"]
[WhiteElo "2544"]
[BlackElo "2759"]
[PlyCount "89"]
[EventDate "2001.??.??"]

1. e4 d5 2. exd5 Qxd5 3. d4 Nf6 4. Nc3 Qa5 5. Bd2 c6 6. Nf3 Bf5 7. Bc4 e6 8.
Nd5 Qd8 9. Nxf6+ Qxf6 10. c3 Nd7 11. Bg5 Qg6 12. O-O Nb6 13. Be2 Bd6 14. Qc1 h6
15. Bf4 O-O-O 16. Bxd6 Rxd6 17. Qf4 Rd5 18. Ne5 Qf6 19. a4 Rdd8 20. a5 Nd5 21.
Qg3 a6 22. Bxa6 bxa6 23. Nxc6 Kb7 24. Nxd8+ Rxd8 25. Ra3 Qg5 26. Rb3+ Ka7 27.
Qxg5 hxg5 28. Rc1 Nf4 29. Re1 Nd3 30. Ra1 g4 31. Rb6 Rb8 32. Rxb8 Kxb8 33. Ra3
Nc1 34. Ra4 Kc7 35. Rc4+ Kd7 36. Rb4 Kc7 37. Kf1 Be4 38. Rc4+ Kd7 39. Ra4 Bd3+
40. Kg1 Ne2+ 41. Kh1 Be4 42. Rb4 Kc7 43. Rc4+ Kd7 44. Rb4 Kc7 45. Rc4+ {
Game drawn by mutual agreement} 1/2-1/2

[Event "ICS rated standard match"]
[Site "204.178.125.65"]
[Date "2001.01.14"]
[Round "?"]
[White "Hossa"]
[Black "BrazilianMaster"]
[Result "0-1"]
[WhiteElo "2319"]
[BlackElo "2629"]
[PlyCount "110"]
[EventDate "2001.??.??"]

1. d4 d5 2. c4 dxc4 3. e3 Nf6 4. Nc3 e5 5. Bxc4 exd4 6. exd4 Be7 7. Nf3 O-O 8.
O-O Bg4 9. Re1 Nbd7 10. h3 Bh5 11. g4 Bg6 12. Nh4 Nb6 13. Bb3 c6 14. Nxg6 hxg6
15. Qf3 Re8 16. g5 Nfd5 17. h4 Qd7 18. h5 gxh5 19. Nxd5 Nxd5 20. Qxh5 Bd6 21.
Rxe8+ Rxe8 22. Bxd5 Re1+ 23. Kg2 cxd5 24. g6 fxg6 25. Qxd5+ Kh7 26. Qf3 Qc8 27.
b3 Rxc1 28. Rxc1 Qxc1 29. Qxb7 Qg5+ 30. Kf1 a5 31. Qd7 Qd5 32. Qh3+ Qh5 33. Kg2
Qxh3+ 34. Kxh3 g5 35. Kg4 Kg6 36. Kf3 Kf5 37. Ke3 g4 38. a4 g5 39. Kd3 Kf4 40.
Ke2 Ke4 41. d5 Kxd5 42. Ke1 Ke4 43. b4 Kf3 44. b5 Bc5 45. Kd2 Bxf2 46. Kd3 g3
47. Kc4 g2 48. b6 g1=Q 49. b7 Qg4+ 50. Kd5 Qd7+ 51. Kc4 Ke2 52. Kc3 Qd3+ 53.
Kb2 Bd4+ 54. Ka2 Qc2+ 55. Ka3 Bc5# {Hossa checkmated} 0-1

[Event "ICS rated blitz match"]
[Site "204.178.125.65"]
[Date "2001.01.14"]
[Round "?"]
[White "monsoon"]
[Black "Hossa"]
[Result "1/2-1/2"]
[WhiteElo "2510"]
[BlackElo "2553"]
[PlyCount "210"]
[EventDate "2001.??.??"]

1. d4 Nf6 2. c4 e6 3. Nf3 b6 4. Nc3 Bb4 5. Bg5 Bb7 6. e3 h6 7. Bh4 g5 8. Bg3
Ne4 9. Qb3 Bxc3+ 10. bxc3 Nxg3 11. hxg3 h5 12. Be2 g4 13. Nh4 d6 14. O-O Qg5
15. Rfc1 Be4 16. Qb5+ Qxb5 17. cxb5 Nd7 18. f3 Bh7 19. fxg4 hxg4 20. Bxg4 Ke7
21. Bf3 Rag8 22. Kf2 Nf6 23. c4 Rc8 24. Rh1 Bd3 25. Rac1 d5 26. cxd5 exd5 27.
a4 Kd7 28. Rc6 Ne4+ 29. Bxe4 dxe4 30. Rhc1 a6 31. bxa6 Bxa6 32. Rf6 Ke7 33. Rf5
Bb7 34. a5 bxa5 35. Rb5 Ba8 36. Re5+ Kd8 37. Rxa5 Rb8 38. Rc2 Bb7 39. Rac5 Rc8
40. Rf5 Rh7 41. Rb2 Bc6 42. d5 Ba8 43. Rb4 c6 44. d6 Kd7 45. Rf6 c5 46. Ra4 Rb8
47. Ra7+ Bb7 48. Ra5 Bd5 49. Rxc5 Be6 50. Rc2 Kxd6 51. Rf4 Ke5 52. Rc5+ Kd6 53.
Ra5 Rb2+ 54. Kg1 Rb1+ 55. Rf1 Rxf1+ 56. Kxf1 Bc4+ 57. Kf2 Kc6 58. Nf5 Rh1 59.
g4 Rh8 60. Nd4+ Kd6 61. Kg3 Bd3 62. Rf5 Ke7 63. Rh5 Rg8 64. Rh6 Ke8 65. Kf4 Kd7
66. Nf5 Bc4 67. Rd6+ Kc7 68. Rf6 Be6 69. g5 Kd7 70. Nh6 Rg7 71. Kxe4 Rxg5 72.
Nxf7 Rxg2 73. Ne5+ Ke7 74. Rf1 Rd2 75. Ng6+ Kd7 76. Rf6 Bb3 77. Ke5 Rd5+ 78.
Kf4 Rd6 79. Ne5+ Ke7 80. Rf5 Rf6 81. Kg5 Rxf5+ 82. Kxf5 Bc2+ 83. Nd3 Kf7 84.
Ke4 Ke8 85. Kd5 Bb3+ 86. Kc6 Bc2 87. Nc5 Bd1 88. Nb7 Bc2 89. Nd8 Bd1 90. Nf7
Bf3+ 91. Kb5 Be2+ 92. Kc6 Bb5+ 93. Kxb5 Kxf7 94. Ka6 Kg7 95. Kb7 Kf6 96. Ka8
Kg6 97. Kb7 Kf5 98. Ka8 Kg5 99. Kb7 Kg4 100. Ka8 Kh4 101. Kb7 Kg3 102. Ka8 Kh3
103. Kb7 Kg4 104. Ka8 Kh5 105. Kb7 Kg4 {Game drawn by repetition} 1/2-1/2

[Event "ICS rated standard match"]
[Site "204.178.125.65"]
[Date "2001.01.14"]
[Round "?"]
[White "Valg"]
[Black "Hossa"]
[Result "1-0"]
[WhiteElo "2504"]
[BlackElo "2314"]
[PlyCount "157"]
[EventDate "2001.??.??"]

1. d4 d5 2. c4 dxc4 3. Nf3 Nf6 4. e3 g6 5. Bxc4 Bg7 6. O-O a6 7. Ne5 O-O 8. Nc3
b5 9. Qf3 Ra7 10. Bb3 Bb7 11. Qf4 b4 12. Na4 Nd5 13. Qg3 Nc6 14. Nc5 Na5 15.
Bd1 Bc8 16. f4 Ra8 17. Qe1 Nb7 18. Nc6 Qe8 19. Nxb4 Nxc5 20. Nxd5 Bb7 21. Nxe7+
Qxe7 22. Qb4 Rfd8 23. Qxc5 Qxc5 24. dxc5 Bf8 25. g4 Bxc5 26. Kf2 Rd6 27. Bf3
Bxf3 28. Kxf3 Re8 29. Rb1 Rd3 30. Ke2 Rd4 31. h3 Ra4 32. a3 Rae4 33. Rf3 a5 34.
Bd2 a4 35. Rc1 Bb6 36. Rc6 R8e7 37. Kd3 Re8 38. h4 R4e7 39. Rc4 Ra8 40. Ke2 f5
41. gxf5 gxf5 42. Rg3+ Rg7 43. Rg5 Rxg5 44. hxg5 Kf7 45. Rc6 Kg8 46. Bc3 Rd8
47. Re6 Rd7 48. Re8+ Kf7 49. Re5 Kg6 50. Re6+ Kf7 51. Rf6+ Kg8 52. Rxf5 c6 53.
e4 Re7 54. e5 Bc5 55. Rf6 Rc7 56. e6 Bd6 57. f5 Rg7 58. Rh6 Rxg5 59. f6 Rg2+
60. Kf3 Rg3+ 61. Kf2 Rg6 62. e7 Bxe7 63. fxe7 Kf7 64. Rxh7+ Ke8 65. Bb4 Rf6+
66. Kg3 Rg6+ 67. Kh3 Rg8 68. Rh4 c5 69. Bxc5 Kd7 70. Rd4+ Kc8 71. Bb6 Kb7 72.
Rd8 Rg7 73. e8=Q Rh7+ 74. Kg4 Rg7+ 75. Kf5 Ka6 76. Bd4 Rf7+ 77. Qxf7 Kb5 78.
Qd5+ Ka6 79. Ra8# {Hossa checkmated} 1-0

[Event "ICS rated blitz match"]
[Site "204.178.125.65"]
[Date "2001.01.14"]
[Round "?"]
[White "Hossa"]
[Black "mayflower"]
[Result "1-0"]
[WhiteElo "2551"]
[BlackElo "2165"]
[PlyCount "41"]
[EventDate "2001.??.??"]

1. d4 d5 2. c4 e6 3. cxd5 exd5 4. Nc3 Nf6 5. Bg5 Be7 6. e3 O-O 7. Bd3 c6 8. Qc2
h6 9. Bh4 Na6 10. Bxa6 bxa6 11. Nf3 g6 12. Ne5 Bf5 13. Qa4 Qb6 14. Nxc6 Bd6 15.
O-O g5 16. Bg3 Bc7 17. Ne7+ Kh7 18. Bxc7 Qxc7 19. Nxf5 Ng4 20. f4 Rfe8 21. Nxd5
{mayflower resigns} 1-0

[Event "ICS rated blitz match"]
[Site "204.178.125.65"]
[Date "2001.01.14"]
[Round "?"]
[White "mayflower"]
[Black "Hossa"]
[Result "0-1"]
[WhiteElo "2162"]
[BlackElo "2554"]
[PlyCount "69"]
[EventDate "2001.??.??"]

1. e4 c5 2. Nf3 Nc6 3. d4 cxd4 4. Nxd4 e6 5. Nc3 a6 6. Nxc6 bxc6 7. Bf4 Qb6 8.
Bd3 Qxb2 9. Be5 Bb4 10. O-O Bxc3 11. Rb1 Qxb1 12. Qxb1 Bxe5 13. Qb4 Ne7 14. f4
a5 15. Qa3 Bd4+ 16. Kh1 d5 17. f5 dxe4 18. Bxe4 exf5 19. Bd3 Be6 20. Qd6 Rd8
21. Qa3 Rd5 22. Bc4 Rc5 23. Bxe6 fxe6 24. Qb3 Rd5 25. Qb8+ Rd8 26. Qb3 e5 27.
Qe6 Rf8 28. h3 Rd5 29. c4 Rf6 30. cxd5 cxd5 31. Qxf6 gxf6 32. Rb1 Kf7 33. g3 e4
34. Kg2 Bc3 35. Rb4 {mayflower resigns} 0-1

[Event "ICS rated standard match"]
[Site "204.178.125.65"]
[Date "2001.01.14"]
[Round "?"]
[White "Bootemout"]
[Black "Hossa"]
[Result "1/2-1/2"]
[WhiteElo "2033"]
[BlackElo "2306"]
[PlyCount "104"]
[EventDate "2001.??.??"]

1. d4 Nf6 2. Nf3 g6 3. c4 Bg7 4. Nc3 O-O 5. Bg5 h6 6. Bf4 c6 7. e4 d5 8. cxd5
cxd5 9. e5 Ne4 10. Bd3 Nxc3 11. bxc3 Qc7 12. Qd2 g5 13. Bg3 Be6 14. O-O Rc8 15.
Rac1 Nc6 16. Bb1 Qd7 17. Qd3 Bg4 18. Nd2 Nd8 19. Qh7+ Kf8 20. f4 Rc6 21. Nb3
gxf4 22. Bxf4 b6 23. Bd2 Be2 24. Rf2 Qg4 25. Re1 Bc4 26. Rf4 Qc8 27. Bf5 e6 28.
Bb1 h5 29. Bg6 Qa6 30. Bb1 Qc8 31. Rf3 h4 32. Rf4 Bxb3 33. axb3 Rxc3 34. Rg4
Rxb3 35. Qxg7+ Ke8 36. Bh7 h3 37. gxh3 Qa6 38. Rg3 Rxg3+ 39. Qxg3 Qa2 40. Bg5
a5 41. Bxd8 Rxd8 42. Rc1 Qd2 43. Qg8+ Ke7 44. Rc7+ Rd7 45. Rxd7+ Kxd7 46. Qxf7+
Kd8 47. Qf8+ Kc7 48. Qd6+ Kb7 49. Qd7+ Ka6 50. Qc8+ Ka7 51. Qc7+ Ka6 52. Qc8+
Ka7 {Game drawn by mutual agreement} 1/2-1/2

[Event "ICS rated standard match"]
[Site "204.178.125.65"]
[Date "2001.01.14"]
[Round "?"]
[White "Hossa"]
[Black "Bootemout"]
[Result "1-0"]
[WhiteElo "2296"]
[BlackElo "2037"]
[PlyCount "111"]
[EventDate "2001.??.??"]

1. d4 c6 2. c4 Nf6 3. Nc3 d6 4. e4 e5 5. dxe5 dxe5 6. Qxd8+ Kxd8 7. Nf3 Bd6 8.
c5 Bc7 9. Bc4 Ke7 10. Ng5 Rf8 11. O-O h6 12. Nf3 Be6 13. Bxe6 Kxe6 14. b4 a6
15. Rd1 Nbd7 16. Nh4 Rad8 17. Bd2 h5 18. Bg5 Nb8 19. Nf5 Rxd1+ 20. Rxd1 g6 21.
Ng7+ Ke7 22. Rd6 Bxd6 23. cxd6+ Kxd6 24. Bxf6 Nd7 25. Bg5 f6 26. Be3 Rg8 27.
Bh6 Rh8 28. Be3 Ke7 29. f4 Kf7 30. Nxh5 Rxh5 31. g3 b5 32. Kg2 Rh8 33. f5 g5
34. a3 Ra8 35. h4 gxh4 36. gxh4 a5 37. Bc1 axb4 38. axb4 Nb6 39. Be3 Nc4 40.
Bc5 Ra3 41. Nd1 Rd3 42. Nf2 Rd2 43. h5 Nb2 44. Be3 Rc2 45. Kf1 Nc4 46. Bc5 Nd2+
47. Ke1 Nf3+ 48. Kd1 Rd2+ 49. Kc1 Rd8 50. h6 Rh8 51. Be3 Ng5 52. Bxg5 fxg5 53.
Ng4 Kf8 54. Kd2 Rh7 55. Ke2 Ke8 56. Nf6+ {Bootemout resigns} 1-0

[Event "ICS rated standard match"]
[Site "204.178.125.65"]
[Date "2001.01.14"]
[Round "?"]
[White "Hossa"]
[Black "kantin"]
[Result "1/2-1/2"]
[WhiteElo "2302"]
[BlackElo "2524"]
[PlyCount "145"]
[EventDate "2001.??.??"]

1. d4 d5 2. c4 e6 3. Nc3 Nf6 4. Bg5 Be7 5. e3 O-O 6. Nf3 h6 7. Bh4 b6 8. Be2
Bb7 9. O-O Nbd7 10. cxd5 Nxd5 11. Nxd5 Bxh4 12. Nc3 Bf6 13. Bd3 c5 14. Be4 Bxe4
15. Nxe4 Rc8 16. Qa4 cxd4 17. Rfd1 Nc5 18. Nxf6+ Qxf6 19. Qxd4 Qxd4 20. Nxd4
Rfd8 21. g4 Na4 22. b3 Nc3 23. Rd2 e5 24. Nf3 Rxd2 25. Nxd2 e4 26. Kg2 Rd8 27.
Nf1 Rd3 28. Ng3 b5 29. a3 Kh7 30. Rc1 g6 31. h4 Kg7 32. b4 Kf8 33. Kh3 a6 34.
h5 Kg8 35. g5 hxg5 36. hxg6 fxg6 37. Kg4 Kf7 38. Kxg5 Kg7 39. Rc2 Kf7 40. Kh6
Nd5 41. Rc5 Ne7 42. Nxe4 Rxa3 43. Rc7 Rb3 44. Ra7 Rxb4 45. Ng5+ Ke8 46. Rxa6
Rb2 47. Ne4 Rb4 48. Ra8+ Kd7 49. Nf6+ Ke6 50. Kg7 Nf5+ 51. Kxg6 Nh4+ 52. Kg5
Nf3+ 53. Kh6 Kxf6 54. Rf8+ Ke5 55. Rxf3 Rb1 56. Rf8 b4 57. Re8+ Kf5 58. Kg7 b3
59. Rb8 Ke4 60. Kf6 b2 61. f4 Kxe3 62. Ke5 Kf3 63. f5 Re1+ 64. Kf6 b1=Q 65.
Rxb1 Rxb1 66. Ke6 Rb2 67. f6 Re2+ 68. Kf7 Re4 69. Kg7 Rg4+ 70. Kf8 Re4 71. Kg7
Rg4+ 72. Kf8 Re4 73. Kg7 {Game drawn by repetition} 1/2-1/2

[Event "ICS rated blitz match"]
[Site "204.178.125.65"]
[Date "2001.01.14"]
[Round "?"]
[White "Hossa"]
[Black "x13"]
[Result "1-0"]
[WhiteElo "2557"]
[BlackElo "2066"]
[PlyCount "29"]
[EventDate "2001.??.??"]

1. e4 e5 2. Nf3 Nc6 3. Bb5 a6 4. Ba4 Nf6 5. O-O Nxe4 6. d4 Be7 7. Re1 f5 8. d5
Nb8 9. Nxe5 O-O 10. Nd3 d6 11. Nd2 Nc5 12. Nxc5 dxc5 13. c4 b5 14. cxb5 Qxd5
15. Bb3 {x13 resigns} 1-0

[Event "ICS rated standard match"]
[Site "204.178.125.65"]
[Date "2001.01.14"]
[Round "?"]
[White "Colossus"]
[Black "Hossa"]
[Result "1-0"]
[WhiteElo "2580"]
[BlackElo "2311"]
[PlyCount "163"]
[EventDate "2001.??.??"]

1. Nf3 d5 2. b3 Bg4 3. e3 e6 4. h3 Bh5 5. c4 Nf6 6. Be2 Bb4 7. a3 Bd6 8. O-O
O-O 9. Nc3 c6 10. d4 Nbd7 11. cxd5 exd5 12. Nh4 Bxe2 13. Qxe2 Qc7 14. Bb2 Rfd8
15. Rfc1 Nf8 16. Nf5 Ng6 17. Qf3 Be7 18. Rc2 Qb6 19. b4 a5 20. bxa5 Qxa5 21.
Re2 Re8 22. e4 dxe4 23. Nxe4 Nxe4 24. Rxe4 Bf8 25. Rxe8 Rxe8 26. Bc3 Qb5 27. a4
Qb3 28. a5 Bb4 29. Bxb4 Qxb4 30. a6 Re1+ 31. Rxe1 Qxe1+ 32. Kh2 bxa6 33. Qxc6
a5 34. Qf3 Nf8 35. d5 a4 36. d6 f6 37. g3 Qd2 38. Kg2 g6 39. Ne7+ Kf7 40. Nc8
Qd4 41. Qb7+ Kg8 42. Ne7+ Kh8 43. Qc6 Kg7 44. g4 Kh6 45. Qc1+ Kg7 46. Qc7 Qe4+
47. Kg3 Ne6 48. Nf5+ Kg8 49. Nh6+ Kh8 50. Nf7+ Kg7 51. Qa7 Qf4+ 52. Kg2 Qe4+
53. Kg1 Qe1+ 54. Kg2 Qe4+ 55. Kg1 Qe1+ 56. Kh2 Kg8 57. d7 Qd2 58. Kg3 a3 59.
Qb8+ Kxf7 60. Qe8+ Kg7 61. Qxe6 Qc3+ 62. Kg2 Qe5 63. Qxe5 fxe5 64. d8=Q a2 65.
Qe7+ Kg8 66. Qe8+ Kg7 67. Qxe5+ Kg8 68. Qb2 h6 69. Qxa2+ Kg7 70. Qe6 Kf8 71.
Qxg6 Ke7 72. h4 Kd7 73. Qxh6 Ke7 74. Qg5+ Kd6 75. Qf6+ Kd5 76. g5 Kc5 77. g6
Kd5 78. g7 Kc5 79. g8=Q Kb4 80. Qa2 Kc5 81. Qa5+ Kc4 82. Qfc3# {
Hossa checkmated} 1-0

[Event "ICS rated standard match"]
[Site "204.178.125.65"]
[Date "2001.01.14"]
[Round "?"]
[White "Hossa"]
[Black "Colossus"]
[Result "0-1"]
[WhiteElo "2305"]
[BlackElo "2586"]
[PlyCount "190"]
[EventDate "2001.??.??"]

1. e4 e5 2. Nf3 Nf6 3. Nxe5 d6 4. Nf3 Nxe4 5. c4 Be7 6. d4 O-O 7. Bd3 Ng5 8.
Nxg5 Bxg5 9. Qh5 h6 10. Bxg5 Qxg5 11. Qxg5 hxg5 12. Nc3 Bd7 13. Nd5 Re8+ 14.
Kd2 Na6 15. Rhe1 Rad8 16. Kc3 Be6 17. Ne3 Bd7 18. b4 c6 19. Re2 Nc7 20. Rae1 b6
21. a4 a5 22. bxa5 bxa5 23. Rb2 Na6 24. Rb7 c5 25. d5 Nb4 26. Ra7 Bxa4 27. Rxa5
Bd7 28. Ra7 Kf8 29. h3 Re7 30. Rea1 g6 31. Ra8 Rxa8 32. Rxa8+ Kg7 33. Rb8 f5
34. Rb6 f4 35. Nd1 g4 36. hxg4 Bxg4 37. Nb2 Rd7 38. f3 Bh5 39. Nd1 Nxd3 40.
Kxd3 g5 41. Nc3 Bg6+ 42. Kd2 Kf6 43. Nb5 Ke7 44. Rb8 Kf7 45. Rb7 Ke8 46. Kc3
Kd8 47. Rb8+ Ke7 48. Ra8 Kf6 49. Rc8 Bf7 50. Rf8 Ke5 51. Ra8 Kf5 52. Ra6 Ke5
53. Ra1 Kf6 54. Ra6 Ke5 55. Ra2 Re7 56. Na7 Kf6 57. Ra6 Rd7 58. Nc6 Bh5 59. Ra8
g4 60. fxg4 Bxg4 61. Rg8 Bf5 62. Rf8+ Rf7 63. Rd8 Rd7 64. Rxd7 Bxd7 65. Kd3
Bf5+ 66. Ke2 Be4 67. Kf2 Bd3 68. Na5 Ke5 69. Nc6+ Kf5 70. Na5 Kg4 71. Kg1 Kg3
72. Nb7 Bxc4 73. Nxd6 Bxd5 74. Nf5+ Kg4 75. Nd6 Kg3 76. Nf5+ Kg4 77. Nd6 c4 78.
Kf2 c3 79. Ke2 Kg3 80. Kd3 Kxg2 81. Kxc3 f3 82. Nf5 f2 83. Ne3+ Kf3 84. Kd4 Bc6
85. Nf1 Bb5 86. Ne3 Ba6 87. Nd5 f1=Q 88. Ke5 Qa1+ 89. Kf5 Qa5 90. Ke6 Bc4 91.
Kf7 Bxd5+ 92. Ke7 Qc7+ 93. Kf6 Kf4 94. Kg6 Bg8 95. Kh6 Qh7# {Hossa checkmated}
0-1

[Event "ICS rated standard match"]
[Site "204.178.125.65"]
[Date "2001.01.14"]
[Round "?"]
[White "revi"]
[Black "Hossa"]
[Result "0-1"]
[WhiteElo "2093"]
[BlackElo "2300"]
[PlyCount "40"]
[EventDate "2001.??.??"]

1. d4 d5 2. e3 Nf6 3. Bd3 c5 4. c3 Nc6 5. f4 Bg4 6. Nf3 Ne4 7. Nbd2 f5 8. O-O
cxd4 9. exd4 e6 10. Qe1 Be7 11. Ne5 Nxe5 12. fxe5 Qb6 13. Nf3 O-O-O 14. b3 Kb8
15. Bd2 Rc8 16. Rc1 Ba3 17. Rc2 h6 18. Bc1 Bxc1 19. Qxc1 Bxf3 20. gxf3 Nxc3 {
revi resigns} 0-1

[Event "ICS rated blitz match"]
[Site "204.178.125.65"]
[Date "2001.01.14"]
[Round "?"]
[White "monsoon"]
[Black "Hossa"]
[Result "0-1"]
[WhiteElo "2554"]
[BlackElo "2559"]
[PlyCount "116"]
[EventDate "2001.??.??"]

1. e4 e5 2. Nf3 Nf6 3. Nxe5 d6 4. Nf3 Nxe4 5. Qe2 Qe7 6. d3 Nf6 7. Bg5 Qxe2+ 8.
Bxe2 Be7 9. Nc3 c6 10. Ne4 Nxe4 11. dxe4 Bxg5 12. Nxg5 h6 13. Nf3 Be6 14. Nd4
Nd7 15. Nxe6 fxe6 16. Rd1 Ke7 17. c4 Rhf8 18. O-O Nf6 19. Bf3 Rab8 20. Rfe1 Nd7
21. Be2 Nc5 22. f3 e5 23. Kh1 Ne6 24. a4 Nd4 25. Rc1 Rf4 26. c5 dxc5 27. Rxc5
Ke6 28. g3 Rf6 29. f4 exf4 30. e5 Rg6 31. Bd3 Rg4 32. Re4 Rd8 33. Rxf4 Rxf4 34.
gxf4 Rf8 35. Ra5 a6 36. Bc4+ Ke7 37. Kg2 Rxf4 38. Bg8 Ne6 39. b3 Rb4 40. h3
Rxb3 41. h4 Nf4+ 42. Kf2 Rh3 43. Bc4 Rxh4 44. Kg3 g5 45. Bg8 Rh1 46. Kg4 Rc1
47. Kf5 Rc3 48. Ba2 Nd3 49. Bg8 Nb4 50. e6 c5 51. Kg6 g4 52. Bh7 g3 53. Kxh6 g2
54. Rxc5 Rxc5 55. Bf5 Rxf5 56. Kg6 Rf2 57. Kh7 g1=R 58. Kh8 Rh2# {
monsoon checkmated} 0-1

[Event "ICS rated blitz match"]
[Site "204.178.125.65"]
[Date "2001.01.14"]
[Round "?"]
[White "Hossa"]
[Black "WICKER-MAN"]
[Result "1-0"]
[WhiteElo "2575"]
[BlackElo "2144"]
[PlyCount "61"]
[EventDate "2001.??.??"]

1. Nf3 Nf6 2. c4 g6 3. g3 Bg7 4. Bg2 O-O 5. O-O d6 6. d4 Nc6 7. d5 Nb8 8. Nc3
e5 9. Nd2 Ne8 10. f4 f5 11. fxe5 dxe5 12. Nf3 e4 13. Nd4 Nf6 14. Ne6 Bxe6 15.
dxe6 Qe7 16. Qb3 b6 17. Nd5 Nxd5 18. cxd5 Kh8 19. Bf4 Na6 20. Rad1 Nc5 21. Qc2
Rad8 22. Qc1 Bf6 23. b4 Nb7 24. Qxc7 Qxc7 25. Bxc7 Rc8 26. d6 Bd8 27. e7 Bxc7
28. exf8=Q+ Rxf8 29. dxc7 Rc8 30. Rd7 b5 31. Rfd1 {WICKER-MAN resigns} 1-0